000 00330nam a2200133Ia 4500
005 20260326235459.0
008 260326s9999||||xx |||||||||||||| ||und||
100 _aGuerrera, Giuseppe
245 0 _aNew York Architects /
_cGiuseppe Guerrera
260 _bMedina
300 _a163 p.
650 _aARQUITECTURA REGIONAL
942 _cBK
999 _c8031
_d8031